000 00591nam a22002057a 4500
005 20251108164856.0
008 250721s1989 xx 000 0 ara d
082 1 4 _a962.02/أحم
100 1 _aعرابي، أحمد
245 1 0 _aمذكرات الزعيم أحمد عرابي /
264 1 _aالقاهرة :
_bدار الهلال،
_c1989.
300 _a392ص
490 0 _aكتاب الهلال
650 1 7 _aالتاريخ السياسي
650 1 7 _aالثورات
650 1 7 _aتاريخ مصر
650 1 7 _aثورة عرابي 1882
942 _2ddc
_cBK
999 _c16439
_d16439